000 01524nam a22002657a 4500
999 _c59464
_d59464
003 Ge_BSU
005 20230224123212.0
008 230224s2010 ge ||||| |||| 00| 0 geo d
020 _a9789941913181
041 _ageo
080 _a341.231.14 : 342.4 ა-26
245 _aადამიანის უფლებათა დაცვის კონსტიტუციური და საერთაშორისო მექანიზმები :
_bსტატ. კრებული /
_cკონსტანტინე კორკელია (რედ.).
264 _aთბილისი
_b [gtz],
_c2010.
300 _a256გვ. ;
_b24სმ.
504 _a ბიბლიოგრ. ტექსტ. შენიშვნ.
653 _aადამიანის ძირითადი უფლებები
700 _aანთელავა, თეიმურაზ
_eავტორი
_95274
700 _aგივიაშვილი, ირაკლი
_eავტორი
_917032
700 _aთომაძე, დავით
_eავტორი
_917033
700 _aკალანდარიშვილი, ნათია
_eავტორი
_917034
700 _aკუპრაძე, სოფიო
_eავტორი
_917035
700 _aლოლაძე, ბესიკ და სხვ.
_eავტორი
_917036
700 _aკორკელია, კონსტანტინე
_eრედაქტორი
_9539
942 _2udc
_cBK